00775nam a2200229 a 4500008004100000020001500041050001600056100001900072245009000091260008300181300001000264350000900274490001700283500002400300650003800324650003500362650001400397650004600411650003000457650001700487650004100504110112s2005 ||||||||||||||||| || u a9158683186 aHD 2961 Lin aLindahl, Claes10aWealth of the poor: eliminating poverty through market and private sector development aStockholm, Sweden:bSwedish International Development Cooperation Agencyc2005 a189p. a0.00 aSida Studies aSida studies no. 14 aPUBLIC-PRIVATE SECTOR COOPERATION 0aNON-GOVERNMENTAL ORGANIZATIONS 0aECONOMICS 0aECONOMIC DEVELOPMENT--AFRICA, SUB-SAHARAN 0aINTERNATIONAL COOPERATION aLABOR MARKET aPOOR--RESEARCH--DEVELOPING COUNTRIES